LIBRARY & INFORMATION CENTRE, KCAET, TAVANUR

ONLINE PUBLIC ACCESS CATALOGUE (OPAC)

Land use reflection on spatial informatics, agriculture and development / (Record no. 13333)

MARC details
000 -LEADER
fixed length control field 00512cam a2200181ua 4500
041 ## - LANGUAGE CODE
Language code of text/sound track or separate title eng
082 ## - DEWEY DECIMAL CLASSIFICATION NUMBER
Classification number 630.49
Item number JHA/LA
100 ## - MAIN ENTRY--AUTHOR NAME
Personal name Jha, Mrityunjay M .
245 ## - TITLE STATEMENT
Title Land use reflection on spatial informatics, agriculture and development /
260 ## - PUBLICATION, DISTRIBUTION, ETC. (IMPRINT)
Place of publication New Delhi :
Name of publisher Concept Publishing Company ,
Year of publication 2008.
300 ## - PHYSICAL DESCRIPTION
Number of Pages 317 ; .
700 1# - ADDED ENTRY--PERSONAL NAME
Personal name Singh, R B .
942 ## - ADDED ENTRY ELEMENTS (KOHA)
Koha item type Books
Holdings
Withdrawn status Lost status Damaged status Home library Current library Date acquired Full call number Accession Number Koha item type
      KAUAET KAUAET 07/04/2012 630.49 21527 Books
free website counter